Assurance and auditing : (Record no. 344902)
[ view plain ]
| 000 -LEADER | |
|---|---|
| fixed length control field | 01347 a2200205 4500 |
| 020 ## - INTERNATIONAL STANDARD BOOK NUMBER | |
| International Standard Book Number | 0170111342 |
| 020 ## - INTERNATIONAL STANDARD BOOK NUMBER | |
| International Standard Book Number | 9780170111348 |
| 090 ## - LOCALLY ASSIGNED LC-TYPE CALL NUMBER (OCLC); LOCAL CALL NUMBER (RLIN) | |
| -- | 2404 |
| -- | 2404 |
| 100 1# - MAIN ENTRY--PERSONAL NAME | |
| Personal name | Schelluch, Peter. |
| 245 10 - TITLE STATEMENT | |
| Title | Assurance and auditing : |
| Remainder of title | concepts for a changing environment / |
| Statement of responsibility, etc. | Peter Schelluch. |
| 260 ## - PUBLICATION, DISTRIBUTION, ETC. | |
| Place of publication, distribution, etc. | [S.l.] : |
| Name of publisher, distributor, etc. | Thomas Nelson Australia, |
| Date of publication, distribution, etc. | 2003. |
| 300 ## - PHYSICAL DESCRIPTION | |
| Extent | 736 p. ; |
| Dimensions | 25 cm. |
| 500 ## - GENERAL NOTE | |
| General note | Paperback. |
| 520 ## - SUMMARY, ETC. | |
| Summary, etc. | "Assurance and Auditing: Concepts for a Changing Environment" provides students with an introduction to auditing concepts and applications to comply with Australian auditing standards and institutional arrangement and requirements. Going beyond simply reciting auditing standard requirements, the text gives students the opportunity to apply practical auditing skills. Taking a business risk approach, the text explicitly discusses the link between business risk analysis and the specific audit procedures, and illustrates the link through the audit risk model. This text has been updated to incorporate the new International Accounting Standards. |
| 700 1# - ADDED ENTRY--PERSONAL NAME | |
| Personal name | Topple, S. J. |
| 700 1# - ADDED ENTRY--PERSONAL NAME | |
| Personal name | Jubb, Christine. |
| 856 40 - ELECTRONIC LOCATION AND ACCESS | |
| Materials specified | Amazon.com |
| Uniform Resource Identifier | <a href="http://www.amazon.com/exec/obidos/ASIN/0170111342/chopaconline-20">http://www.amazon.com/exec/obidos/ASIN/0170111342/chopaconline-20</a> |
| 856 40 - ELECTRONIC LOCATION AND ACCESS | |
| Materials specified | Amazon customer reviews |
| Uniform Resource Identifier | <a href="http://www.chopac.org/cgi-bin/tools/azrev.pl?q=0170111342">http://www.chopac.org/cgi-bin/tools/azrev.pl?q=0170111342</a> |
| 942 ## - ADDED ENTRY ELEMENTS (KOHA) | |
| Institution code [OBSOLETE] | NBS |
| Koha item type | Book |
| Call number prefix | 657.45 SCH |
| Withdrawn status | Lost status | Damaged status | Not for loan | Permanent Location | Current Location | Date acquired | Total Checkouts | Full call number | Barcode | Date last seen | Price effective from | Koha item type |
|---|---|---|---|---|---|---|---|---|---|---|---|---|
| Central Library (CL) | Central Library (CL) | 08/28/2013 | 657.45 SCH | NBS6609 | 08/28/2013 | 08/28/2013 | Book | |||||
| Central Library (CL) | Central Library (CL) | 08/28/2013 | 657.45 SCH | NBS6360 | 08/28/2013 | 08/28/2013 | Book |
